| 000 | 00779nam a2200217Ii 4500 | ||
|---|---|---|---|
| 003 | JO-AjNU | ||
| 008 | 230605s9999||||xx |||||||||||||| ||und|| | ||
| 017 | _a1998/4/661 | ||
| 040 |
_aJO-AjNU _bara _erda _cJO-AjNU |
||
| 041 | _aara | ||
| 050 | 1 | 4 | _aDS153.9.A4.G4252.1998 |
| 100 | 3 |
_aالغرايبة، خليف مصطفى , _eauthor _962269 |
|
| 245 | 0 | 0 | _aالجغرافيا التاريخية للمنطقة الغربية من جبل عجلون 1864-1946 |
| 250 | _aط1 | ||
| 264 | 3 | 1 | _aاربد: مطبعة الروزنا، 1998 |
| 300 | _a271ص | ||
| 336 |
_atext _btxt _2rdacontent |
||
| 337 |
_aunmediated _bn _2rdamedia |
||
| 338 |
_avolume _bnc _2rdacarrier |
||
| 650 | 4 |
_aالتاريخ والجغرافيا-الجغرافيا التاريخية-عجلون _962270 |
|
| 999 |
_aA28189 _c31757 _d31757 |
||